| 000 | 00644nam a22001937a 4500 | ||
|---|---|---|---|
| 005 | 20250108144954.0 | ||
| 010 | _aENG-143234 | ||
| 020 |
_a9789389043785 _c900.00 |
||
| 035 | _aEN-126766 | ||
| 037 | _bDBAD | ||
| 082 | _a323.4 | ||
| 245 |
_aReflection on Some Different BurningTopics: Analysis and Observation/ _cEdited by Siya Ram Shukla |
||
| 250 | _a1 | ||
| 260 |
_aNew Delhi _bSatyam Publishing House _c2021 |
||
| 270 |
_aN-3/25, Mohan Garden, Uttam Nagar _bNew Delhi _e110059 _k9899665801 _msatyampub_2006@yahoo.com |
||
| 300 |
_a377p. _c22cm(hb) |
||
| 700 |
_aShukla, Siya Ram _976097 |
||
| 942 |
_2ddc _cEN _mREF _h323.4 |
||
| 999 |
_c208205 _d208205 |
||